[Event "Continental Class-ch"]
[Site "Arlington"]
[Date "2010.10.09"]
[Round "4"]
[White "Betaneli, Alexander"]
[Black "Paulina, David"]
[Result "1-0"]
[WhiteElo "2274"]
[BlackElo "2060"]
[PlyCount "107"]
[EventDate "2010.10.07"]
[EventType "swiss"]
[EventRounds "9"]
[EventCountry "USA"]
[SourceTitle "CBM 138 Extra"]
[Source "ChessBase"]
[SourceDate "2010.10.29"]
[SourceVersion "1"]
[SourceVersionDate "2010.10.29"]
[SourceQuality "1"]

1. e4 c5 2. b3 Nf6 3. e5 Nd5 4. c4 Nc7 5. Bb2 Nc6 6. Nf3 Ne6 7. Be2 g6 8. 0-0 Bg7 9. Qc2 b6 10. Qe4 Bb7 11. Nc3 Qb8 12. Nd5 Ncd4 13. Rfe1 Bc6 14. Bd3 Nxf3+ 15. Qxf3 Qb7 16. Rab1 Bh6 17. Rbd1 Rc8 18. h4 Bg7 19. Bc3 Nd4 20. Qf4 Bxd5 21. cxd5 Qxd5 22. Bc4 Ne6 23. Qxf7+ Kxf7 24. Bxd5 Rhf8 25. g3 Ke8 26. Bxe6 dxe6 27. Kg2 Rd8 28. f4 Kf7 29. d4 cxd4 30. Bxd4 Rd5 31. Rd2 h6 32. Kf3 Rfd8 33. Red1 g5 34. h5 gxf4 35. gxf4 Rg8 36. Be3 Rgd8 37. Ke4 Rxd2 38. Rxd2 Ke8 39. Rxd8+ Kxd8 40. a4 Kd7 41. b4 Kc6 42. b5+ Kc7 43. a5 bxa5 44. Bxa7 Kb7 45. Bc5 Bf8 46. Kd3 Kc7 47. Kc4 Kb7 48. Kb3 Kc7 49. Ka4 Kb7 50. Kxa5 Kc7 51. Ka6 Kb8 52. b6 Ka8 53. b7+ Kb8 54. Ba7+ 1-0